| 000 | 00434nam a2200145Ia 4500 | ||
|---|---|---|---|
| 008 | 211109s9999||||xx |||||||||||||| ||und|| | ||
| 082 |
_a937.06 _bGIB-D |
||
| 100 | _aGibbon, Edward | ||
| 245 | 0 | _aDecline and Fall of the Roman Empire | |
| 260 |
_bTemple Press _aLondon _c1900 |
||
| 300 | _a245p. | ||
| 630 | _xGeneral Stack | ||
| 650 |
_aHistory of ancient world to ca. 499 _vItaly & adjacent territories to 476 _xHistory |
||
| 942 | _cBOOK | ||
| 999 |
_c2330 _d2330 |
||